LEADER 01344nam a2200289 u 4500 001 000000119262 003 CaOOAMICUS 005 20100118112537.0 008 100118t2009 gw u000 u ger u 020 $a978-3-16-149903-6 040 $aPUL$bita$dReb 041 0 $ager$agrc 100 1 $aWolter, Michael,$d1950-$0(OLS)http://pul/name/25869 245 10$aTheologie und Ethos im frühen Christentum :$bstudien zu Jesus, Paulus und Lukas /$cMichael Wolter. 260 $aTübingen :$bMohr Siebeck,$c©2009. 300 $ax, 539 p. ;$c24 cm 490 1 $aWissenschaftliche Untersuchungen zum Neuen Testament ;$v236 504 $aBibliografia in nota. 630 04$aBiblia$pN.T.$xStudio$lTedesco.$0(OLS)http://pul/subject/36291 650 4$aCristianesimo$xOrigini.$0(OLS)http://pul/subject/11957 830 0$aWissenschaftliche Untersuchungen zum Neuen Testament ;$v236.$0(OLS)http://pul/title/8628 850 $aPUL 852 $aPUL$W1$xSL Religione 1$y3$m16 H 236$j136859$qStampati$B135881$CPULBib$Z2$F135881 $H112233 $82 941 1 $a8 996 $6020$a978-3-16-149903-6$9(OLS)http://pul/number/142995 996 $6245$aTheologie und Ethos im frühen Christentum :$bstudien zu Jesus, Paulus und Lukas$9(OLS)http://pul/title/150074 996 $6260$aTübingen :$bMohr Siebeck$9(OLS)http://pul/publisher/52004 LEADER 01833nam a2200373 u 4500 001 000000075379 003 CaOOAMICUS 005 20070226123108.0 008 030625s2002 fr u000 u fre u 020 $a2-7116-1542-1 035 $a10965276 040 $aEFR$bita 041 1 $afre$alat 100 0 $aThomas,$cAquinas, Saint,$d1225-1274.$0(OLS)http://pul/name/39608 240 10$aQuaestiones disputatae$9(Thomas, Aquinas, Saint, 1225?-1274).$pDe veritate.$0(OLS)http://pul/title/98899 245 10$aPremière question disputée.$pLa vérité = :$bDe veritate /$cThomas d'Aquin ; texte latin de l'édition Léonine, introduction, traduction et notes par Christian Brouwer et Marc Peeters. 246 31$aDe veritate 260 $aParis :$bVrin,$c2002. 300 $a185 p. ;$c22 cm 490 1 $aBibliothèque des textes philosophiques, 500 $aTexte latin avec traduction française en regard. 504 $aBibliogr. p. [173]-179. Index. 650 0$aTheology$xEarly works to 1800.$2//eng$0(OLS)http://pul/subject/7428 650 0$aPhilosophy, Medieval$xEarly works to 1800.$2//eng$0(OLS)http://pul/subject/26321 700 1 $aPeeters, Marc.$0(OLS)http://pul/name/50036 700 1 $aBrouwer, Christian.$0(OLS)http://pul/name/50035 830 0$aBibliothèque des textes philosophiques,$x0249-7972.$0(OLS)http://pul/title/6498 850 $aPUL 852 $aPUL$W1$xDP1 Religione 1$y20$m485 B 36.6$j97022$nBK-PRI$b $qStampati$B97022$CPULBib$Z2$F97022 $HPUL92095 $81 941 1 $a8 996 $6020$a2-7116-1542-1$9(OLS)http://pul/number/98302 996 $6245$aPremière question disputée.$pLa vérité = :$bDe veritate$9(OLS)http://pul/title/98900 996 $6246$aDe veritate$9(OLS)http://pul/title/98901 996 $6260$aParis :$bVrin$9(OLS)http://pul/publisher/50780